| 000 | 00551nam a2200205 a 4500 | ||
|---|---|---|---|
| 005 | 20220902233031.0 | ||
| 008 | 991125c1977 bar 000 0 spa u | ||
| 020 | _a8432203211 | ||
| 035 | _aUPN01000006538 | ||
| 049 | _aCG | ||
| 050 | 4 |
_aPQ8097 N4 _bC3.2 |
|
| 100 | 1 |
_aNeruda, Pablo, _d1904-1973 |
|
| 245 | 1 | 0 |
_aCantos ceremoniales / _cPablo Neruda |
| 260 |
_aBarcelona (Esp.) : _bSeix Barral, _c1977 |
||
| 300 | _a109 p | ||
| 440 | 0 |
_aBiblioteca breve;; _v410. Poesía |
|
| 650 | 0 |
_aPoesía chilena _91228 |
|
| 904 |
_aAC _b006538 |
||
| 905 | _aLibro | ||
| 999 |
_c6538 _d6538 |
||